00803 2200301 4500001002100000005001500021035002000036007000300056008004100059040001700100100002300117245005400140250001200194300003500206504002900241020002200270041000800292082000800300084001400308090001800322260003800340600001300378850001000391990002500401990002500426990002500451990002500476INLIS00000000000221120260603091500 a0010-0220000062ta260603 0  aSBPUPADbind0 aTim bina karya SMK1 aKomputer jaringan untuk SMK /cTim bina karya SMK a.-Cet.2 aiv, 146 hlm. :bilus. ;c20 cm aBibliografi, hlm 147-148 a978-602-6466-87-7 aind a004 a004 TIM k a004 TIM k 1-5 a.--Yogyakarta :bIndoeduka,c2018 4aKomputer aPUPAD a31.665/APBD/DPK/2019 a31.666/APBD/DPK/2019 a31.667/APBD/DPK/2019 a31.668/APBD/DPK/2019